LEADER 00969nam a2200253 i 4500 001 000000158171 003 CaOOAMICUS 005 20070201000000.0 008 070201s1952 it u000 u ita u 013 $a135534 040 $aSeMil$bita 100 1 $aGargiulo, Alfredo.$0(OLS)http://semarc/name/36787 245 10$aScritti di estetica /$cAlfredo Gargiulo ; a cura di Manlio Castiglioni. 260 $aFirenze :$bLe Monnier,$c1952. 300 $aXVI, 407 p. ;$c19 cm. 500 $aContiene : Nota bibliografica. - Fondo Ciprandi. 650 4$aEstetica.$0(OLS)http://semarc/subject/618 700 1 $aCastiglioni, Manlio.$0(OLS)http://semarc/name/41270 850 $aSeMil 852 $aSeMil$W1$xVenegono$y1$m5M I 22$j109831$B109831$CSeMilBibl$Z2$F119423 $81 941 1 $a1 961 $aOmaggio: Ciprandi dott. Paolo 996 $6245$aScritti di estetica$9(OLS)http://semarc/title/23400 996 $6260$aFirenze :$bLe Monnier$9(OLS)http://semarc/publisher/30060 LEADER 01463nam a2200289 i 4500 001 000000031598 003 CaOOAMICUS 005 20230927105011.0 008 180830s1732 ne u000 u fre u 040 $aSeMil$bita 100 1 $aPufendorf, Samuel : von,$d<1632-1694>.$0(OLS)http://semarc/name/13003 245 10$aIntroduction a l'histoire generale et politique de l'univers; où l'on voit l'origine, les révolutions, l'état présent, & les interêts des souverains. Par mr. le baron de Pufendorff ... Tome 1. [-7.]. 250 $aNouvelle edition, plus ample & plus correcte ... 260 $aA Amsterdam :$bChez Zacharie Chatelain,$c1732. 300 $a7 v. ;$c12°. 500 $aVignetta calcogr. sul v. 1, xilogr. sui successivi 500 $aNon posseduti i vol. 6-7 500 $aFront. stampati in rosso e nero 700 1 $aChatelain, Zacharias,$c.$0(OLS)http://semarc/name/5237 774 0 $tTome 1.$g1$w()239841 774 0 $tTome 2.$g2$w()239842 774 0 $tTome 3.$g3$w()239843 774 0 $tTome 4.$g4$w()239844 774 0 $tTome 5.$g5$w()239845 996 $6245$aIntroduction a l'histoire generale et politique de l'univers; où l'on voit l'origine, les révolutions, l'état présent, & les interêts des souverains. Par mr. le baron de Pufendorff ... Tome 1. [-7.]$9(OLS)http://semarc/title/42901 996 $6260$aA Amsterdam :$bChez Zacharie Chatelain$9(OLS)http://semarc/publisher/32983